[Event "Groningen Chess Festival 2010 - Open"]
[Site "Groningen NED"]
[Date "2010.12.27"]
[Round "6.11"]
[White "Van Kampen, Robin"]
[Black "Ootes, Lennart"]
[Result "1-0"]
[WhiteElo "2454"]
[BlackElo "2173"]
[PlyCount "65"]
[EventDate "2010.12.21"]
[EventType "swiss"]
[EventRounds "9"]
[EventCountry "NED"]
[Source "lmi"]
[SourceDate "2010.12.21"]

1. e4 e5 2. Nf3 Nc6 3. Bb5 a6 4. Ba4 Nf6 5. O-O Be7 6. Re1 d6 7. c3 Bg4 8. d3
Nd7 9. Nbd2 Nc5 10. h3 Bh5 11. Bxc6+ bxc6 12. d4 Nd3 13. Re3 Nxc1 14. Qa4 O-O
15. Rxc1 c5 16. dxe5 dxe5 17. Qc4 Qb8 18. Rc2 Re8 19. Rd3 Qb5 20. Nxe5 Bd6 21.
a4 Qxc4 22. Nexc4 Bd1 23. Rc1 Bxa4 24. Nxd6 Rad8 25. Nxe8 Rxd3 26. Nxc7 Rxd2
27. Ra1 Bc6 28. Rxa6 Bxe4 29. f3 Bb7 30. Rb6 Bc8 31. Rb8 Rd8 32. Nd5 Kf8 33.
Nb6 1-0

[Event "Groningen Chess Festival 2010 - Open"]
[Site "Groningen NED"]
[Date "2010.12.27"]
[Round "6.12"]
[White "De Jong, Migchiel"]
[Black "Grover, Sahaj"]
[Result "1/2-1/2"]
[WhiteElo "2406"]
[BlackElo "2432"]
[PlyCount "83"]
[EventDate "2010.12.21"]
[EventType "swiss"]
[EventRounds "9"]
[EventCountry "NED"]
[Source "lmi"]
[SourceDate "2010.12.21"]

1. e4 e6 2. d4 d5 3. Bd3 dxe4 4. Bxe4 Nf6 5. Bf3 c5 6. Ne2 Nc6 7. Be3 e5 8.
Bxc6+ bxc6 9. dxe5 Qxd1+ 10. Kxd1 Ng4 11. Nd2 Bf5 12. Ng3 Bg6 13. Nc4 O-O-O+
14. Kc1 h5 15. h3 Nxe3 16. Nxe3 Re8 17. f4 h4 18. Ne2 f6 19. Ng4 Be4 20. Rg1
fxe5 21. Nxe5 Kc7 22. Nc3 Bf5 23. Kd2 g5 24. Rae1 gxf4 25. Nf3 Bg7 26. Rxe8
Rxe8 27. Re1 Rd8+ 28. Kc1 Bf6 29. Ne4 Bd4 30. Nxd4 cxd4 31. Nc5 Rg8 32. Re5 Bc8
33. Re4 Rxg2 34. Rxf4 Bxh3 35. Rxh4 Bg4 36. b4 Bf5 37. Nd3 Bxd3 38. cxd3 Rxa2
39. Rxd4 Kb6 40. Rc4 Rf2 41. Rc2 Rf4 42. Rc4 1/2-1/2

[Event "Groningen Chess Festival 2010 - Open"]
[Site "Groningen NED"]
[Date "2010.12.27"]
[Round "6.13"]
[White "Van Oosterom, Chiel"]
[Black "Afek, Yochanan"]
[Result "1-0"]
[WhiteElo "2426"]
[BlackElo "2238"]
[PlyCount "59"]
[EventDate "2010.12.21"]
[EventType "swiss"]
[EventRounds "9"]
[EventCountry "NED"]
[Source "lmi"]
[SourceDate "2010.12.21"]

1. e4 c5 2. c3 e6 3. d4 d5 4. exd5 exd5 5. Nf3 Nc6 6. Bb5 Bd6 7. dxc5 Bxc5 8.
O-O Nge7 9. Nbd2 O-O 10. Nb3 Bb6 11. Re1 Bg4 12. Be3 Bc7 13. Bc5 Re8 14. h3 a6
15. Bxc6 Bxf3 16. Qxf3 bxc6 17. Nd4 Qd7 18. Qg4 f5 19. Qg5 Ng6 20. Nxf5 Bf4 21.
Qg4 Qf7 22. h4 Rxe1+ 23. Rxe1 Re8 24. Rxe8+ Qxe8 25. g3 Qe1+ 26. Kh2 Be5 27. h5
Nf8 28. Nh6+ Kh8 29. Qc8 Bxg3+ 30. Kg2 1-0

[Event "Groningen Chess Festival 2010 - Open"]
[Site "Groningen NED"]
[Date "2010.12.27"]
[Round "6.14"]
[White "Baghdasaryan, Vahe"]
[Black "Naroditsky, Daniel"]
[Result "0-1"]
[WhiteElo "2303"]
[BlackElo "2425"]
[PlyCount "70"]
[EventDate "2010.12.21"]
[EventType "swiss"]
[EventRounds "9"]
[EventCountry "NED"]
[Source "lmi"]
[SourceDate "2010.12.21"]

1. e4 c5 2. Nf3 d6 3. d4 cxd4 4. Nxd4 Nf6 5. Nc3 a6 6. Bg5 e6 7. f4 Be7 8. Qf3
h6 9. Bh4 Qc7 10. O-O-O Nbd7 11. Be2 O-O 12. Rhg1 b5 13. e5 dxe5 14. fxe5 Nxe5
15. Qxa8 Bb7 16. Ncxb5 axb5 17. Nxb5 Nd3+ 18. Kb1 Qe5 19. Qxf8+ Kxf8 20. Bxd3
Qxh2 21. Bf2 Bxg2 22. a4 Bc6 23. Bg3 Qh5 24. Rde1 Bc5 25. Rgf1 Qg4 26. Be5 Qxa4
27. Nc7 Be7 28. Re3 Bd8 29. Be2 Kg8 30. Rb3 Qe4 31. Rb8 Qxe2 32. Rxf6 g5 33.
Rxd8+ Kg7 34. Bc3 Qg4 35. Ka2 Qc4+ 0-1

[Event "Groningen Chess Festival 2010 - Open"]
[Site "Groningen NED"]
[Date "2010.12.27"]
[Round "6.15"]
[White "Willemze, Thomas"]
[Black "Heemskerk, Wim"]
[Result "1-0"]
[WhiteElo "2394"]
[BlackElo "2263"]
[PlyCount "63"]
[EventDate "2010.12.21"]
[EventType "swiss"]
[EventRounds "9"]
[EventCountry "NED"]
[Source "lmi"]
[SourceDate "2010.12.21"]

1. e4 e6 2. d4 d5 3. Nc3 Bb4 4. e5 c5 5. a3 Bxc3+ 6. bxc3 Qa5 7. Bd2 Qa4 8. Qb1
c4 9. h4 Nc6 10. h5 h6 11. Ne2 Bd7 12. Nf4 O-O-O 13. g3 f6 14. Bh3 Re8 15. Nxd5
fxe5 16. O-O Nxd4 17. Nb6+ axb6 18. cxd4 exd4 19. Qxb6 c3 20. Bf4 e5 21. Bg2
Bc6 22. Rfe1 Bxg2 23. Kxg2 exf4 24. Rab1 Re7 25. Rb5 f3+ 26. Kh2 Qxb5 27. Qxb5
Rxe1 28. Qc5+ Kb8 29. Qd6+ Ka8 30. Qd8+ Ka7 31. Qxd4+ Ka6 32. Qxg7 1-0

[Event "Groningen Chess Festival 2010 - Open"]
[Site "Groningen NED"]
[Date "2010.12.27"]
[Round "6.16"]
[White "Lambrechts, Koen"]
[Black "Carlstedt, Jonathan"]
[Result "1-0"]
[WhiteElo "2174"]
[BlackElo "2392"]
[PlyCount "99"]
[EventDate "2010.12.21"]
[EventType "swiss"]
[EventRounds "9"]
[EventCountry "NED"]
[Source "lmi"]
[SourceDate "2010.12.21"]

1. e4 c5 2. Nf3 d6 3. d4 cxd4 4. Nxd4 Nf6 5. Nc3 g6 6. Be3 Bg7 7. f3 Nc6 8. Qd2
O-O 9. O-O-O d5 10. exd5 Nxd5 11. Nxc6 bxc6 12. Bd4 e5 13. Bc5 Be6 14. h4 Re8
15. Ne4 h6 16. g4 Qc7 17. g5 h5 18. Bc4 Red8 19. Qf2 Qb7 20. Nd6 Qc7 21. Ne4
Nf4 22. Bd6 Qa5 23. Bxe6 Nxe6 24. Kb1 Rd7 25. Rd2 Rad8 26. Rhd1 Qb6 27. Qxb6
axb6 28. c3 Nf4 29. Bc7 Rxd2 30. Rxd2 Rxd2 31. Nxd2 Nd5 32. Bd8 Kf8 33. Nc4 b5
34. Nd6 Nf4 35. b3 Ne6 36. Bb6 Ke7 37. Ne4 Kd7 38. a4 Bf8 39. a5 Kc8 40. a6 Be7
41. Kc2 Kb8 42. Kd2 Ka8 43. Ke3 Nf4 44. Bc5 Ng2+ 45. Kf2 Bxc5+ 46. Nxc5 Nxh4
47. Nd7 Ka7 48. Nxe5 c5 49. Nxf7 Kxa6 50. Nh6 1-0

[Event "Groningen Chess Festival 2010 - Open"]
[Site "Groningen NED"]
[Date "2010.12.27"]
[Round "6.18"]
[White "Stjazhkina, Olga"]
[Black "Lampert, Jonas"]
[Result "1/2-1/2"]
[WhiteElo "2240"]
[BlackElo "2131"]
[PlyCount "64"]
[EventDate "2010.12.21"]
[EventType "swiss"]
[EventRounds "9"]
[EventCountry "NED"]
[Source "lmi"]
[SourceDate "2010.12.21"]

1. Nf3 Nf6 2. g3 d5 3. Bg2 c6 4. O-O Bf5 5. d3 e6 6. Nfd2 Nbd7 7. e4 dxe4 8.
dxe4 Bg6 9. Qe2 e5 10. Nc3 Qc7 11. a4 a5 12. Nc4 Bc5 13. Kh1 Nb6 14. Be3 Bxe3
15. Nxe3 O-O 16. f4 Bh5 17. Qf2 Ng4 18. Nxg4 Bxg4 19. f5 f6 20. Qc5 Nd7 21.
Qc4+ Kh8 22. Bf3 Bxf3+ 23. Rxf3 Rad8 24. Rd3 Nb8 25. Rad1 Qe7 26. Rxd8 Rxd8 27.
Rxd8+ Qxd8 28. b4 axb4 29. Qxb4 b6 30. Qc4 Qd7 31. Qb4 Qd8 32. Qc4 Qd7 1/2-1/2

[Event "Groningen Chess Festival 2010 - Open"]
[Site "Groningen NED"]
[Date "2010.12.27"]
[Round "6.20"]
[White "Van Foreest, Jorden"]
[Black "Donchenko, Alexander"]
[Result "0-1"]
[WhiteElo "1970"]
[BlackElo "2207"]
[PlyCount "88"]
[EventDate "2010.12.21"]
[EventType "swiss"]
[EventRounds "9"]
[EventCountry "NED"]
[Source "lmi"]
[SourceDate "2010.12.21"]

1. d4 d5 2. c4 dxc4 3. Nf3 a6 4. e3 Nf6 5. Bxc4 e6 6. O-O c5 7. dxc5 Bxc5 8.
Qxd8+ Kxd8 9. Ne5 Ke7 10. Be2 Nbd7 11. Nd3 Bd6 12. Nd2 b5 13. b3 Bb7 14. Bb2 e5
15. Rfc1 e4 16. Ne1 Bb4 17. Nf1 Rhc8 18. Nc2 Bc3 19. Bxc3 Rxc3 20. Nd4 Rac8 21.
Rd1 g6 22. Nd2 Ne5 23. a4 b4 24. Nc4 Nxc4 25. Bxc4 Ng4 26. Ra2 Ne5 27. Ne2
R8xc4 28. bxc4 Rxc4 29. Nc1 Rc3 30. Ne2 Rd3 31. Rxd3 Nxd3 32. Ra1 Kd6 33. Nc1
Bd5 34. Nxd3 exd3 35. Kf1 Bb3 36. Ke1 Bc2 37. Kd2 Kd5 38. Ra2 Kc4 39. Rb2 Bxa4
40. Ra2 Bb5 41. Ra1 b3 42. Rc1+ Kb4 43. Ra1 b2 44. Rb1 Kb3 0-1

[Event "Groningen Chess Festival 2010 - Open"]
[Site "Groningen NED"]
[Date "2010.12.27"]
[Round "6.21"]
[White "Partenheimer, Axel"]
[Black "Dehn, Marcus"]
[Result "1/2-1/2"]
[WhiteElo "2201"]
[BlackElo "2115"]
[PlyCount "49"]
[EventDate "2010.12.21"]
[EventType "swiss"]
[EventRounds "9"]
[EventCountry "NED"]
[Source "lmi"]
[SourceDate "2010.12.21"]

1. c4 b6 2. d4 e6 3. a3 Bb7 4. d5 exd5 5. cxd5 f5 6. Nc3 Nf6 7. g3 a5 8. Bg2
Na6 9. Nf3 Nc5 10. Nd4 g6 11. Bg5 Be7 12. Bh6 Ng4 13. Bf4 Bf6 14. Ndb5 d6 15.
O-O g5 16. Bc1 a4 17. e4 Bc8 18. exf5 h5 19. h3 Nb3 20. Rb1 Ne5 21. g4 hxg4 22.
hxg4 Qd7 23. Re1 Qh7 24. f3 Ra5 25. Ne4 1/2-1/2

[Event "Groningen Chess Festival 2010 - Open"]
[Site "Groningen NED"]
[Date "2010.12.27"]
[Round "6.22"]
[White "Maris, Ivo"]
[Black "Theulings, Paul-Peter"]
[Result "1/2-1/2"]
[WhiteElo "1955"]
[BlackElo "2132"]
[PlyCount "101"]
[EventDate "2010.12.21"]
[EventType "swiss"]
[EventRounds "9"]
[EventCountry "NED"]
[Source "lmi"]
[SourceDate "2010.12.21"]

1. b3 e5 2. Bb2 Nc6 3. g3 Nf6 4. Bg2 d5 5. c4 d4 6. a3 a5 7. d3 Bc5 8. Nf3 O-O
9. O-O h6 10. Re1 Bf5 11. Nbd2 Qd7 12. Qc2 Rfe8 13. Nh4 Bh7 14. Ne4 Be7 15.
Nxf6+ Bxf6 16. Nf3 Be7 17. c5 Bf8 18. Nd2 Bf5 19. Rab1 Ra7 20. Rec1 Re6 21. Ba1
Ne7 22. b4 axb4 23. axb4 Rea6 24. Nc4 f6 25. b5 Ra2 26. Qb3 Be6 27. Bb2 Nd5 28.
c6 bxc6 29. bxc6 Qf7 30. Qb5 h5 31. Ra1 h4 32. Rxa2 Rxa2 33. Qb3 Ra8 34. Qb7
Ra4 35. Ra1 Rxa1+ 36. Bxa1 h3 37. Bf3 g5 38. e3 dxe3 39. fxe3 g4 40. Be4 Bh6
41. Kf2 Nxe3 42. Nxe3 f5 43. Bh1 f4 44. Nd5 fxg3+ 45. Kxg3 Bf4+ 46. Kf2 Bxh2+
47. Ke2 Bxd5 48. Qc8+ Kg7 49. Qxg4+ Kf8 50. Qc8+ Kg7 51. Qg4+ 1/2-1/2

[Event "Groningen Chess Festival 2010 - Open"]
[Site "Groningen NED"]
[Date "2010.12.27"]
[Round "6.23"]
[White "Krause, Ullrich"]
[Black "Knol, Geon"]
[Result "0-1"]
[WhiteElo "2308"]
[BlackElo "2097"]
[PlyCount "76"]
[EventDate "2010.12.21"]
[EventType "swiss"]
[EventRounds "9"]
[EventCountry "NED"]
[Source "lmi"]
[SourceDate "2010.12.21"]

1. d4 c6 2. c4 b5 3. cxb5 cxb5 4. e4 Bb7 5. Nd2 b4 6. Ngf3 Nf6 7. Bd3 g6 8. O-O
Bg7 9. Re1 O-O 10. Nf1 a5 11. Ng3 d6 12. h4 a4 13. h5 Nc6 14. hxg6 hxg6 15. d5
Nb8 16. Bd2 Ng4 17. Rb1 Nd7 18. Qe2 Qb6 19. a3 b3 20. Bb4 Rfc8 21. Rbc1 Bh6 22.
Bd2 Bg7 23. Bb4 Nc5 24. Bc4 Ba6 25. Rf1 Bxc4 26. Rxc4 Nd7 27. Rfc1 Rxc4 28.
Rxc4 Nge5 29. Nxe5 Nxe5 30. Rc1 Qa6 31. Bc3 Qxe2 32. Nxe2 Nd3 33. Rb1 Rc8 34.
Nd4 Rc4 35. Ne2 Bxc3 36. bxc3 Rxe4 37. Kf1 Ne5 38. Nd4 Nc4 0-1

[Event "Groningen Chess Festival 2010 - Open"]
[Site "Groningen NED"]
[Date "2010.12.27"]
[Round "6.24"]
[White "Bijlsma, Nick"]
[Black "Lyell, Mark"]
[Result "0-1"]
[WhiteElo "2133"]
[BlackElo "2210"]
[PlyCount "92"]
[EventDate "2010.12.21"]
[EventType "swiss"]
[EventRounds "9"]
[EventCountry "NED"]
[Source "lmi"]
[SourceDate "2010.12.21"]

1. e4 e5 2. Nf3 Nc6 3. Bb5 f5 4. d4 fxe4 5. Nxe5 Nxe5 6. dxe5 c6 7. Nc3 cxb5 8.
Nxe4 d5 9. exd6 Nf6 10. O-O Nxe4 11. Qh5+ g6 12. Qe5+ Kf7 13. Qxh8 Nf6 14. Bh6
Be6 15. Bxf8 Qxf8 16. Qxf8+ Rxf8 17. Rfd1 Rc8 18. c3 a6 19. f3 Ke8 20. Kf2 Kd7
21. Rd4 Rc6 22. g4 Rxd6 23. Rad1 Rxd4 24. Rxd4+ Ke7 25. a3 Nd5 26. f4 Nf6 27.
h3 h5 28. gxh5 Nxh5 29. h4 Ng7 30. Rd1 Kf6 31. Rd6 Kf5 32. Rb6 Bd5 33. Rd6 Bc6
34. Ke3 Ne6 35. Rd2 Kg4 36. Rd6 Kf5 37. Rd2 Nc7 38. Rf2 Kg4 39. h5 gxh5 40. f5
Nd5+ 41. Kd4 Nf6 42. Ke5 Nd7+ 43. Ke6 h4 44. Rd2 h3 45. Rd4+ Kg5 46. Rd2 Nf6
0-1

[Event "Groningen Chess Festival 2010 - Open"]
[Site "Groningen NED"]
[Date "2010.12.27"]
[Round "6.25"]
[White "Ypma, Peter"]
[Black "Jacoby, Gisbert"]
[Result "0-1"]
[WhiteElo "2080"]
[BlackElo "2185"]
[PlyCount "72"]
[EventDate "2010.12.21"]
[EventType "swiss"]
[EventRounds "9"]
[EventCountry "NED"]
[Source "lmi"]
[SourceDate "2010.12.21"]

1. e4 c5 2. c3 g6 3. Nf3 Bg7 4. d4 cxd4 5. cxd4 d5 6. e5 Nc6 7. Nc3 Nh6 8. Bg5
Bg4 9. Be2 Nf5 10. O-O O-O 11. Re1 Qd7 12. h3 Bxf3 13. Bxf3 e6 14. Ne2 h6 15.
Bf4 f6 16. exf6 Bxf6 17. Be3 Nh4 18. Nf4 g5 19. Nxe6 Qxe6 20. Bxg5 Qf5 21. Bxh4
Bxh4 22. Qb3 Rad8 23. Rad1 Qf7 24. Qe3 Bg5 25. Qe2 Qg7 26. Qe6+ Kh8 27. Bxd5
Rf6 28. Qe4 Rf4 29. Qe6 Nxd4 30. Qe5 Nc2 31. Re2 Nb4 32. g3 Rff8 33. Bb3 Rxd1+
34. Bxd1 Qxe5 35. Rxe5 Nd3 36. f4 Nxe5 0-1

[Event "Groningen Chess Festival 2010 - Open"]
[Site "Groningen NED"]
[Date "2010.12.27"]
[Round "6.26"]
[White "Van Overdam, Jan"]
[Black "Kerigan, Demre"]
[Result "0-1"]
[WhiteElo "2030"]
[BlackElo "2149"]
[PlyCount "80"]
[EventDate "2010.12.21"]
[EventType "swiss"]
[EventRounds "9"]
[EventCountry "NED"]
[Source "lmi"]
[SourceDate "2010.12.21"]

1. e4 g6 2. d4 Bg7 3. Nf3 d6 4. Be3 Nf6 5. Bd3 O-O 6. O-O Nc6 7. h3 e5 8. c3
exd4 9. cxd4 Nb4 10. Nc3 Nxd3 11. Qxd3 Re8 12. Rae1 c6 13. Qd2 b5 14. b4 a5 15.
a3 axb4 16. axb4 Qc7 17. Bf4 Nd7 18. Rc1 Qb8 19. Qd3 Nb6 20. d5 cxd5 21. exd5
Nc4 22. Nd4 Bd7 23. Ra1 Qb6 24. Be3 Rxa1 25. Rxa1 Nxe3 26. fxe3 Rxe3 27. Ra8+
Be8 28. Qxe3 Bxd4 29. Rxe8+ Kg7 30. Kf2 Bxe3+ 31. Rxe3 Qd4 32. Nxb5 Qxd5 33.
Nc3 Qd2+ 34. Ne2 d5 35. Kf3 d4 36. Nxd4 Qxd4 37. Re4 Qd3+ 38. Re3 Qd5+ 39. Ke2
Qxg2+ 40. Kd3 f5 0-1

[Event "Groningen Chess Festival 2010 - Open"]
[Site "Groningen NED"]
[Date "2010.12.28"]
[Round "7.1"]
[White "Bluvshtein, Mark"]
[Black "Brandenburg, Daan"]
[Result "1/2-1/2"]
[WhiteElo "2587"]
[BlackElo "2515"]
[PlyCount "77"]
[EventDate "2010.12.21"]
[EventType "swiss"]
[EventRounds "9"]
[EventCountry "NED"]
[Source "lmi"]
[SourceDate "2010.12.21"]

1. d4 Nf6 2. c4 c5 3. d5 b5 4. cxb5 a6 5. bxa6 g6 6. Nc3 Bxa6 7. Nf3 d6 8. g3
Bg7 9. Bg2 Nbd7 10. Rb1 Nb6 11. b3 Bc8 12. e4 Ba6 13. Bf1 Qc8 14. Be2 Bxe2 15.
Qxe2 Qa6 16. Nd2 O-O 17. Bb2 Nfd7 18. a4 Rfc8 19. Na2 Qxe2+ 20. Kxe2 Bxb2 21.
Rxb2 c4 22. bxc4 Nxc4 23. Rc2 Nxd2 24. Rxc8+ Rxc8 25. Kxd2 Rc4 26. Nc3 Nc5 27.
a5 Nb3+ 28. Kd3 Rd4+ 29. Kc2 Nxa5 30. Ra1 Nc4 31. Ra4 f5 32. exf5 gxf5 33. Kc1
Kf7 34. f3 Nd2 35. Rxd4 Nb3+ 36. Kd1 Nxd4 37. f4 Kg6 38. h3 h5 39. h4 1/2-1/2

[Event "Groningen Chess Festival 2010 - Open"]
[Site "Groningen NED"]
[Date "2010.12.28"]
[Round "7.3"]
[White "Bojkov, Dejan"]
[Black "Bok, Benjamin"]
[Result "1-0"]
[WhiteElo "2542"]
[BlackElo "2458"]
[PlyCount "99"]
[EventDate "2010.12.21"]
[EventType "swiss"]
[EventRounds "9"]
[EventCountry "NED"]
[Source "lmi"]
[SourceDate "2010.12.21"]

1. e4 e5 2. Nf3 Nc6 3. d4 exd4 4. Nxd4 Bc5 5. Nxc6 Qf6 6. Qf3 bxc6 7. Nd2 d6 8.
Nb3 Bb6 9. a4 a5 10. Bd2 Qxf3 11. gxf3 Ne7 12. Rg1 Ng6 13. Be3 Bxe3 14. fxe3
Bd7 15. f4 O-O 16. O-O-O c5 17. Nxc5 Bc6 18. Na6 Ra7 19. e5 dxe5 20. f5 Nh4 21.
f6 g6 22. Nc5 Nf5 23. Bb5 Bxb5 24. axb5 Nxe3 25. Rd7 Nc4 26. b3 Nb6 27. Re7 a4
28. bxa4 Nxa4 29. Nd7 Rfa8 30. Rg5 Nb6 31. Nxb6 cxb6 32. Rxa7 Rxa7 33. Rxe5 Ra8
34. c4 Kf8 35. Kc2 Rd8 36. Kc3 Rd6 37. c5 bxc5 38. Kc4 Rxf6 39. Kxc5 Rf2 40. b6
Rb2 41. Kc6 f6 42. Rb5 Rc2+ 43. Kd7 Rd2+ 44. Ke6 Rd8 45. b7 Rb8 46. Kxf6 Ke8
47. Ke6 h6 48. h4 Kf8 49. Kf6 g5 50. Rc5 1-0

[Event "Groningen Chess Festival 2010 - Open"]
[Site "Groningen NED"]
[Date "2010.12.28"]
[Round "7.4"]
[White "Prohaszka, Peter"]
[Black "Nyzhnyk, Illya"]
[Result "0-1"]
[WhiteElo "2536"]
[BlackElo "2535"]
[PlyCount "116"]
[EventDate "2010.12.21"]
[EventType "swiss"]
[EventRounds "9"]
[EventCountry "NED"]
[Source "lmi"]
[SourceDate "2010.12.21"]

1. d4 Nf6 2. c4 g6 3. Nc3 Bg7 4. e4 d6 5. Be2 O-O 6. Nf3 e5 7. O-O Nc6 8. Be3
Ng4 9. Bg5 f6 10. Bh4 Nh6 11. dxe5 dxe5 12. Qxd8 Nxd8 13. c5 c6 14. Rfd1 Nhf7
15. Nd2 Ne6 16. Nb3 Nd4 17. f3 f5 18. Bd3 Be6 19. exf5 Bxb3 20. axb3 gxf5 21.
Bc4 b5 22. cxb6 axb6 23. Ne2 Rxa1 24. Rxa1 Nxe2+ 25. Bxe2 e4 26. Bf2 b5 27. Rc1
Ne5 28. Kf1 Rd8 29. fxe4 fxe4 30. Be3 Ra8 31. Rd1 Kf7 32. Kf2 Ke6 33. Bc5 Ra2
34. Rd6+ Kf5 35. h3 Rxb2 36. g4+ Kg5 37. b4 Bf8 38. Be3+ Kh4 39. Rf6 Nd3+ 40.
Kf1 Bxb4 41. Re6 Kxh3 42. Rxe4 Rb1+ 43. Bd1 Rxd1+ 44. Ke2 Re1+ 45. Kxd3 c5 46.
Re6 Kxg4 47. Rh6 c4+ 48. Kd4 Rd1+ 49. Ke4 Rd7 50. Rh1 Re7+ 51. Kd4 Kf3 52. Rh3+
Ke2 53. Rh2+ Kd1 54. Rh5 Bc3+ 55. Kxc3 Rxe3+ 56. Kd4 Rd3+ 57. Ke4 Rd7 58. Rxb5
c3 0-1

[Event "Groningen Chess Festival 2010 - Open"]
[Site "Groningen NED"]
[Date "2010.12.28"]
[Round "7.5"]
[White "Baklan, Vladimir"]
[Black "Werle, Jan"]
[Result "1/2-1/2"]
[WhiteElo "2613"]
[BlackElo "2578"]
[PlyCount "35"]
[EventDate "2010.12.21"]
[EventType "swiss"]
[EventRounds "9"]
[EventCountry "NED"]
[Source "lmi"]
[SourceDate "2010.12.21"]

1. e4 e6 2. d4 d5 3. Nc3 Bb4 4. e5 c5 5. a3 Bxc3+ 6. bxc3 Qa5 7. Bd2 Qa4 8. Qb1
c4 9. Ne2 Nc6 10. Nf4 Bd7 11. Be2 O-O-O 12. O-O f6 13. Re1 Rf8 14. Bg4 f5 15.
Bd1 g5 16. Nh5 h6 17. f4 g4 18. h3 1/2-1/2

[Event "Groningen Chess Festival 2010 - Open"]
[Site "Groningen NED"]
[Date "2010.12.28"]
[Round "7.6"]
[White "Gupta, Abhijeet"]
[Black "Romanishin, Oleg M"]
[Result "1-0"]
[WhiteElo "2600"]
[BlackElo "2534"]
[PlyCount "65"]
[EventDate "2010.12.21"]
[EventType "swiss"]
[EventRounds "9"]
[EventCountry "NED"]
[Source "lmi"]
[SourceDate "2010.12.21"]

1. d4 d5 2. c4 dxc4 3. Nf3 Nf6 4. e3 Bg4 5. Bxc4 e6 6. Nc3 a6 7. h3 Bh5 8. g4
Bg6 9. Ne5 Nbd7 10. Nxg6 hxg6 11. Qf3 c6 12. Bd2 Nb6 13. Bb3 a5 14. a3 a4 15.
Ba2 Nfd5 16. Ne2 Be7 17. e4 Nc7 18. O-O-O Bg5 19. Kb1 Bxd2 20. Rxd2 Qg5 21.
Rhd1 O-O-O 22. Qxf7 Rhf8 23. f4 Qh6 24. Qe7 Qxh3 25. Qb4 Nd7 26. d5 exd5 27.
exd5 c5 28. Qa5 Qxg4 29. d6 Na6 30. Bc4 Ndb8 31. d7+ Rxd7 32. Bxa6 Qf5+ 33. Bd3
1-0

[Event "Groningen Chess Festival 2010 - Open"]
[Site "Groningen NED"]
[Date "2010.12.28"]
[Round "7.7"]
[White "Van Kampen, Robin"]
[Black "Ernst, Sipke"]
[Result "1/2-1/2"]
[WhiteElo "2454"]
[BlackElo "2590"]
[PlyCount "105"]
[EventDate "2010.12.21"]
[EventType "swiss"]
[EventRounds "9"]
[EventCountry "NED"]
[Source "lmi"]
[SourceDate "2010.12.21"]

1. e4 e5 2. Nf3 Nc6 3. Bb5 a6 4. Ba4 Nge7 5. c3 g6 6. d4 exd4 7. cxd4 b5 8. Bb3
Bg7 9. O-O d6 10. Nc3 Na5 11. Bc2 O-O 12. h3 c5 13. dxc5 dxc5 14. Qxd8 Rxd8 15.
Be3 Be6 16. Bxc5 Nec6 17. Rac1 Nc4 18. Ng5 Nxb2 19. Nxe6 fxe6 20. Ne2 Kf7 21.
Bb3 Nd3 22. Rc2 Nxc5 23. Rxc5 Rd6 24. Nf4 Re8 25. Rfc1 Nd4 26. e5 Rd7 27. Rd1
Ree7 28. Nxe6 Rxe6 29. Rc6 Ke7 30. Bxe6 Nxe6 31. Rxd7+ Kxd7 32. Rd6+ Ke7 33.
Rxa6 Bxe5 34. Ra5 Nd4 35. Ra7+ Ke6 36. Rxh7 Ne2+ 37. Kf1 Nc3 38. Ra7 Bf4 39.
Ra3 b4 40. Rb3 Bd6 41. Rb2 Kd5 42. Rd2+ Kc5 43. g3 Ne4 44. Rc2+ Kd5 45. Ke2 Bc5
46. Kf3 Kd4 47. Re2 Nc3 48. Rd2+ Kc4 49. h4 Bd4 50. g4 Nb1 51. Rd1 Nc3 52. Rd2
Nb1 53. Rd1 1/2-1/2

[Event "Groningen Chess Festival 2010 - Open"]
[Site "Groningen NED"]
[Date "2010.12.28"]
[Round "7.8"]
[White "Naroditsky, Daniel"]
[Black "Nijboer, Friso"]
[Result "1/2-1/2"]
[WhiteElo "2425"]
[BlackElo "2583"]
[PlyCount "61"]
[EventDate "2010.12.21"]
[EventType "swiss"]
[EventRounds "9"]
[EventCountry "NED"]
[Source "lmi"]
[SourceDate "2010.12.21"]

1. e4 c5 2. Nf3 Nc6 3. d4 cxd4 4. Nxd4 Nf6 5. Nc3 d6 6. Bg5 e6 7. Qd2 a6 8.
O-O-O h6 9. Bf4 Bd7 10. Nxc6 Bxc6 11. Qe1 Qc7 12. Kb1 e5 13. Bc1 Rc8 14. Bd3 b5
15. f4 Be7 16. a3 O-O 17. g4 exf4 18. Bxf4 Rfe8 19. Rg1 Qb7 20. g5 hxg5 21.
Bxg5 Nxe4 22. Bxe7 Qxe7 23. Nxe4 Bxe4 24. Qg3 g6 25. h4 Rc5 26. Rde1 Re5 27.
Bxe4 Rxe4 28. Rxe4 Qxe4 29. h5 Re6 30. Qg5 Qe3 31. hxg6 1/2-1/2

[Event "Groningen Chess Festival 2010 - Open"]
[Site "Groningen NED"]
[Date "2010.12.28"]
[Round "7.9"]
[White "Lobzhanidze, Davit"]
[Black "De Jong, Migchiel"]
[Result "1-0"]
[WhiteElo "2496"]
[BlackElo "2406"]
[PlyCount "129"]
[EventDate "2010.12.21"]
[EventType "swiss"]
[EventRounds "9"]
[EventCountry "NED"]
[Source "lmi"]
[SourceDate "2010.12.21"]

1. e4 c5 2. Nf3 e6 3. d4 cxd4 4. Nxd4 a6 5. Nc3 b5 6. Bd3 Bb7 7. O-O Nc6 8.
Nxc6 Bxc6 9. Qe2 Bc5 10. a4 b4 11. Nd5 Ne7 12. Nxe7 Qxe7 13. Bxa6 Bxe4 14. Qxe4
Rxa6 15. Qb7 Ra5 16. c3 O-O 17. cxb4 Bxb4 18. Rd1 Raa8 19. Bg5 Qxg5 20. Qxb4
Rfb8 21. Qa3 d5 22. b4 Qe7 23. Rdb1 d4 24. b5 Qd7 25. Qd3 e5 26. a5 Qd5 27. f3
g6 28. Qb3 Qc5 29. Qb4 Qd5 30. Qb3 Qc5 31. Qb4 Qd5 32. b6 d3 33. a6 d2 34. a7
Rb7 35. Rd1 Qc6 36. Rxd2 Rxb6 37. Qe7 Qc3 38. Rd8+ Kg7 39. Rad1 Qe3+ 40. Kh1
Qe2 41. h4 Re6 42. Qf8+ Kf6 43. Qh8+ Kf5 44. Qxh7 Rxa7 45. Qh6 Kf6 46. Qh8+ Kf5
47. Qh6 Kf6 48. Rc1 Ra4 49. Rf8 Rd6 50. Qg5+ Ke6 51. Re8+ Kd5 52. Qe7 f6 53.
Qf7+ Kd4 54. Qxg6 Ke3 55. Qh6+ Kf2 56. Rg8 Rf4 57. Kh2 Rdd4 58. Rh8 Rd1 59.
Rhc8 Rdd4 60. Ra8 Rxf3 61. Qg6 Rdd3 62. gxf3 Kxf3+ 63. Kh1 Rd4 64. Qh5+ Rg4 65.
Rg1 1-0

[Event "Groningen Chess Festival 2010 - Open"]
[Site "Groningen NED"]
[Date "2010.12.28"]
[Round "7.10"]
[White "Shiven, Khosla"]
[Black "Pruijssers, Roeland"]
[Result "1/2-1/2"]
[WhiteElo "2354"]
[BlackElo "2487"]
[PlyCount "77"]
[EventDate "2010.12.21"]
[EventType "swiss"]
[EventRounds "9"]
[EventCountry "NED"]
[Source "lmi"]
[SourceDate "2010.12.21"]

1. e4 e5 2. Nf3 Nc6 3. Bb5 a6 4. Ba4 Nf6 5. O-O Be7 6. Re1 b5 7. Bb3 d6 8. c3
O-O 9. h3 Nb8 10. d4 Nbd7 11. Nbd2 Bb7 12. Bc2 Re8 13. a4 Bf8 14. Bd3 c6 15. b3
g6 16. Ba3 Qc7 17. Qc2 Bg7 18. dxe5 dxe5 19. c4 bxa4 20. c5 axb3 21. Qxb3 a5
22. Ng5 Nf8 23. Nc4 Ba6 24. Nd6 Re7 25. Bxa6 Rxa6 26. Bb2 h6 27. Ngxf7 Rxf7 28.
Bxe5 Qe7 29. Nxf7 Qxf7 30. Qc3 a4 31. Ra3 Qe6 32. Qb4 N8d7 33. Bd6 Ne8 34. Rd1
Kh7 35. Rxa4 Bc3 36. Qa3 Bb2 37. Qb4 Bc3 38. Qa3 Bb2 39. Qb4 1/2-1/2